000 01380cad a22002055a 4500
001 L156980
008 120803s2012 xxk 000 0 eng d
035 _a(Sirsi) u156980
041 0 _aeng
110 2 _aBNP Paribas Real Estate
_95715
245 0 0 _aProperty Report
_bmain office markets in Western Europe - Q2 2012
260 _a[S.l.]
_bBNP Paribas
_c2012
490 _aBNP Paribas Property Report Main Office Markets in Western Europe
_vJuly 2012
520 _aThe negative economic context caused a further drop in letting activity in major Western European markets in Q2 2012. Office space vacancy rates have stabilised as completions are still relatively low, but rents remain under downward pressure in the weakest occupier markets. Office investment is proving resilient despite the downturn and uncertain occupier fundamentals. Q2 was marked by the return of uncertainty. Office take-up remained below 2011's level in major markets but office investment volume strengthened further in Q2. Prime yields rose slightly in the weakest occupier markets.
590 _aKA NTK
651 4 _aEurope
690 _aCommercial property
_96227
856 4 0 _uhttps://www.realestate.bnpparibas.com/bnppre/overview-office-investment-outperforming-occupier-demand-july-2012-p_1551382
_zView the report after creating an account (free) at www.realestate.bnpparibas.com
942 _n0
999 _c84220
_d84220